LEADER 01037nam0 2200253 450 001 000030986 005 20161222110032.0 010 $a88-14-18543-3 100 $a20160610d2013----km-y0itay50------ba 101 0 $aita 102 $aIT 105 $ay-------001yy 200 1 $a<>nuovo codice della strada e il regolamento di esecuzione$econ note di commento e giurisprudenza$eaddenda di aggiornamento al 30 aprile 2013$fAnton Aldo Abrugiati, ...[et al.] 210 $aMilano$cGiuffr?$d2013 215 $aVIII, 116 p.$d22 cm 500 10$a<>nuovo codice della strada e il regolamento di esecuzione$9993385 610 1 $aItalia$aCodice della strada 676 $a343.4509402632$v21$9Regolamentazione e controllo dei trasporti su strada. italia. leggi singole e raccolte 702 1$aABRUGIATI,$bAnton Aldo 801 0$aIT$bUNIPARTHENOPE$c20160610$gREICAT$2UNIMARC 912 $a000030986 951 $a343-N/8$b46028$cNAVA1$d2016 996 $aNuovo codice della strada e il regolamento di esecuzione$9993385 997 $aUNIPARTHENOPE LEADER 02470oam 2200625zu 450 001 9910140090403321 005 20230621135953.0 010 $a2-8218-4622-3 024 7 $a10.4000/books.cemca.2340 035 $a(CKB)2560000000352091 035 $a(SSID)ssj0001541789 035 $a(PQKBManifestationID)11897602 035 $a(PQKBTitleCode)TC0001541789 035 $a(PQKBWorkID)11535491 035 $a(PQKB)10592931 035 $a(WaSeSS)IndRDA00045631 035 $a(FrMaCLE)OB-cemca-2340 035 $a(oapen)https://directory.doabooks.org/handle/20.500.12854/55130 035 $a(PPN)182828115 035 $a(oapen)doab55130 035 $a(EXLCZ)992560000000352091 100 $a20160829d1994 uy 101 0 $aspa 135 $aur||||||||||| 181 $ctxt 182 $cc 183 $acr 200 00$a8000 años de la cuenca de Zacapu : evolucion de los paisajes y primeros desmontes 210 $cCentro de estudios mexicanos y centroamericanos$d1994 210 31$a[Place of publication not identified]$cCentro de Estudios Mexicanos y Centroamericanos$d1994 215 $a1 online resource (144 pages) 225 1 $aCuadernos de Estudios Michoacanos ;$v6 300 $aBibliographic Level Mode of Issuance: Monograph 311 08$a968-6029-40-0 330 $aDistintos especialistas contribuyen en este estudio interdisciplinario del medio ambiente antiguo de la cuenca lacustre de Zacapu, llevado a cabo de 1983 a 1986, en donde el objetivo principal fue realizar investigaciones arqueológicas sobre la ocupación y el entorno palustre lacustre de esta zona. 410 0$aEtudes me?soame?ricaines.$nSe?rie II.$pCuadernos de estudios michoacanos$v6. 606 $aRegions & Countries - Americas$2HILCC 606 $aHistory & Archaeology$2HILCC 606 $aMexico$2HILCC 607 $aZacapu Region (Mexico)$xHistorical geography 607 $aZacapu Region (Mexico)$xAntiquities 607 $aMichoaca?n de Ocampo (Mexico)$xAntiquities 610 $aarqueología 610 $aZacapú 615 7$aRegions & Countries - Americas 615 7$aHistory & Archaeology 615 7$aMexico 676 $a972/.37 700 $aPierre Pétrequin (dir.)$4auth$01356583 702 $aPe?trequin$b Pierre 801 0$bPQKB 906 $aBOOK 912 $a9910140090403321 996 $a8000 años de la cuenca de Zacapu : evolucion de los paisajes y primeros desmontes$93361173 997 $aUNINA